000 00512 a2200193 4500
005 20260210142531.0
008 260210b |||||||| |||| 00| 0 eng d
020 _a9781666868128
_c$ 190.00
040 _aMAIN
082 _a632.381
_bB468E
100 _aBeyer, Shawn
245 _aElements of crop plant virology
260 _bAmerican Academic Publisher
_c2024
_aWilmington, De
300 _avi, 295
650 _aPlant Injuries
650 _aPlant Diseases
650 _aPlant Virology
942 _cBK
999 _c396037
_d396037